000 01646nam a2200301 i 4500
001 167016
003 ES-MaACL
005 20230906213437.0
008 960320s1892 sp |||| | spa d
080 _a929 Cosa, Juan de la
080 _a912.43(100)(0.032)
100 1 _aCánovas del Castillo y Vallejo, Antonio,
_d1862-1933
_934607
245 1 0 _aEnsayo biográfico del célebre navegante y consumado cosmógrafo Juan de la Cosa :
_by descripción e historia de su famosa Carta geográfica /
_cpor Antonio Vascano [seud.].
260 _aMadrid :
_b[s.n.],
_c1892 (
_fTipo-litografía de V. Faure)
300 _a109 p. :
_bil. ;
_c22 cm.
530 _aDisponible en formato digital.
546 _aTexto en español, francés e inglés.
594 _aAntonio Vascano es seud. de Antonio Cánovas del Castillo y Vallejo
594 _aEn port.: Obra impresa en español, francés e inglés, para acompañar al Mapa-Mundi de Juan de la Cosa que, como recuerdo del Cuarto Centenario del descubrimiento de América, han publicado en Madrid los Sres. Cánovas Vallejo y Traynor
594 _aTraducción francesa por Honoré Tabart d'Elthour [profesor de francés en el Ateneo de Madrid] y traducción inglesa por Traynor.
600 1 4 _aCosa, Juan de la (
_dm. 1510)
_9148655
650 4 _aMapamundis manuscritos.
_9156667
700 1 _aTabart d'Elthour, Honoré.
_9174370
700 1 _aTraynor, Santiago.
_9156666
852 4 _aES-MaACL
_jT-1204-F
_z- Enc. hol.
_z- Enc. en un vol. facticio
856 4 _uhttp://bdh-rd.bne.es/viewer.vm?id=0000250938&page=1
_zBiblioteca Digital Hispánica
999 _c167016
_d167016